Najwięksi producenci oliwek - Statystyki

Ogólne statystyki
  • Ten quiz został rozwiązany 131 razy
  • Średni wynik to 8 z 10
Statystyki odpowiedzi
Ilość (tony) Państwo % Poprawnych
2 270 000t Włochy
97%
3 240 000t Grecja
95%
8 260 000t Hiszpania
95%
1 380 000t Portugalia
92%
1 740 000t Turcja
86%
1 590 000t Maroko
79%
700 000t Algieria
74%
980 000t Egipt
74%
700 000t Tunezja
71%
570 000t Syria
53%
Nie znaleziono quizów pasujących do podanych kryteriów
Rozkład punktacji
Procent ludzi z każdym wynikiem
Percentyl według liczby udzielonych odpowiedzi
Twoja historia wyników
Nie rozwiązałeś tego quizu